000
00238nam a2200109 4500
999
_c
4958
_d
4958
082
_a
428ZAH
100
_a
Zahid Hussain
245
_a
Who is Who & What is What
260
_a
Lahore:
_b
Jahangir Sons,
_c
2013.
300
_a
734p. ;
942
_c
BK